书目信息 |
| 题名: |
群智能优化算法理论与应用
|
|
| 作者: | 梁艳春 著 | |
| 分册: | ||
| 出版信息: | 北京 科学出版社 2009 |
|
| 页数: | 220页 | |
| 开本: | 24cm | |
| 丛书名: | ||
| 单 册: | ||
| 中图分类: | O242.23 , TP18 | |
| 科图分类: | ||
| 主题词: | 最优化算法--人工智能 , 最优化算法 | |
| 电子资源: | ||
| ISBN: | 978-7-03-025605-8 | |
| 000 | 00877nam0 2200253 45 | |
| 001 | 1029973316 | |
| 005 | 20100429092443.10 | |
| 010 | @a978-7-03-025605-8@dCNY58.00 | |
| 100 | @a20100407d2009 em y0chiy50 ea | |
| 101 | 0 | @achi |
| 102 | @aCN@b110000 | |
| 105 | @aa z 000yy | |
| 106 | @ar | |
| 200 | 1 | @a群智能优化算法理论与应用@AQun Zhi Neng You Hua Suan Fa Li Lun Yu Ying Yong@f梁艳春等著@FLiang Yan Chun Deng Zhu |
| 210 | @a北京@c科学出版社@d2009 | |
| 215 | @a220页@c图@d24cm | |
| 330 | @a全书共分六篇,分别阐述了作者近年来在(广义染色体)遗传算法、粒子群算法、蚁群算法、免疫算法、细菌觅食算法和Memetic算法等典型群智能优化算法方面的研究成果。 | |
| 606 | 0 | @a最优化算法@x人工智能 |
| 606 | 0 | @a最优化算法 |
| 690 | @aO242.23@v4 | |
| 690 | @aTP18@v4 | |
| 701 | 0 | @a梁艳春@ALiang Yan Chun@4著 |
| 801 | 0 | @aCN@bTANGWEI@c20100429 |
| 905 | @b0595121-25@dO242.23@e31@f5 | |
| 群智能优化算法理论与应用/梁艳春等著.-北京:科学出版社,2009 |
| 220页:图;24cm |
| ISBN 978-7-03-025605-8:CNY58.00 |
| 全书共分六篇,分别阐述了作者近年来在(广义染色体)遗传算法、粒子群算法、蚁群算法、免疫算法、细菌觅食算法和Memetic算法等典型群智能优化算法方面的研究成果。 |
| ● |
| 相关链接 |
|
|
|
|
正题名:群智能优化算法理论与应用
索取号:O242.23/31
 
预约/预借
| 序号 | 登录号 | 条形码 | 馆藏地/架位号 | 状态 | 备注 |
| 1 | 0595121 | 205951219 | 第二样本阅览室/ [索取号:O242.23/31] | 在馆 | |
| 2 | 0595122 | 205951228 | 第三借阅区/ [索取号:O242.23/31] | 在馆 | |
| 3 | 0595123 | 205951237 | 第三借阅区/ [索取号:O242.23/31] | 在馆 | |
| 4 | 0595124 | 205951246 | 第三借阅区/ [索取号:O242.23/31] | 在馆 | |
| 5 | 0595125 | 205951255 | 第三借阅区/ [索取号:O242.23/31] | 在馆 |